| Tag |
First Indicator |
Second Indicator |
Subfields |
| LEADER |
00000cam a2200000 a 4500 |
| 001 |
in00000020929 |
| 005 |
20151007055528.0 |
| 008 |
880824s1988 flua j 00100 eng d |
| 020 |
|
|
|a 0153729058
|
| 020 |
|
|
|a 0153729414 (teacher's ed.)
|
| 035 |
|
|
|a (OCoLC)18397733
|
| 035 |
|
|
|9 AAB8498AM
|
| 040 |
|
|
|a TXA
|c TXA
|d UtOrBLW
|
| 043 |
|
|
|a n-us---
|
| 049 |
|
|
|a [Curr Col] TXAM
|d [
|v = text
|p = Suppl.]
|c 1
|v [A12590288]
|p 1 [A12590521],
|c 2
|v [A12590343]
|
| 050 |
|
4 |
|a E178.1
|b .U46 1988
|
| 245 |
0 |
4 |
|a The United States, its history and neighbors /
|c Stephanie Abraham Hirsh, general editor ; Phillip Bacon, senior editorial adviser.
|
| 250 |
|
|
|a Landmark ed.
|
| 264 |
|
1 |
|a Orlando, Fla. : Harcourt Brace Jovanovich,
|b [publisher not identified] ;
|c [1988]
|
| 264 |
|
4 |
|c ©1988
|
| 300 |
|
|
|a xiii, 575, 81 pages :
|b color illustrations ;
|c 26 cm. +
|e teacher's ed.
|
| 336 |
|
|
|a text
|b txt
|2 rdacontent
|
| 337 |
|
|
|a unmediated
|b n
|2 rdamedia
|
| 338 |
|
|
|a volume
|b nc
|2 rdacarrier
|
| 490 |
1 |
|
|a HBJ social studies
|
| 500 |
|
|
|a Grade 5.
|
| 500 |
|
|
|a Includes index.
|
| 651 |
|
0 |
|a United States
|x History
|v Juvenile literature.
|
| 700 |
1 |
|
|a Hirsh, Stephanie Abraham.
|
| 700 |
1 |
|
|a Bacon, Phillip.
|
| 830 |
|
0 |
|a HBJ social studies.
|
| 999 |
|
|
|a MARS
|
| 999 |
f |
f |
|s b2150c57-7219-3144-bf9f-7f41760cb380
|i 56ea3f6b-e048-3822-bbe5-f1c7dae48d92
|t 0
|
| 952 |
f |
f |
|p ric
|a Texas A&M University
|b Rellis Campus
|c Joint Library Facility
|d Remote Storage
|t 0
|e E178.1 .U46 1988
|h Library of Congress classification
|i unmediated -- volume
|k text
|m A14819729838
|
| 998 |
f |
f |
|a E178.1 .U46 1988
|s text
|t 0
|l Remote Storage
|